| 000 | 00000nam##2200000za#4500 |
| 001 | 9.696188 |
| 003 | CaOODSP |
| 005 | 20210624234923 |
| 007 | cr ||||||||||| |
| 008 | 150407|2000||||xxc|||||o f|0| 0 eng|d |
| 040 | |aCaOODSP|beng |
| 043 | |an-cn--- |
| 086 | 1 |aFs23-391/2000E-PDF |
| 110 | 1 |aCanada. |bDepartment of Fisheries and Oceans. |
| 245 | 14|aThe management of fisheries on Canada's Atlantic coast : |h[electronic resource]|ba discussion document on policy direction and principles |
| 260 | |aOttawa - Ontario : |bFisheries and Oceans Canada |cFebruary 2001. |
| 300 | |a83p.|bglossary, graph |
| 500 | |aThe catalogue number (FS23-391/2000E) and ISBN (0-662-29337-1) for the print edition have been incorrectly copied in this electronic publication. |
| 590 | |a12-21-Supp|b2012-05-18 |
| 690 | 07|aFisheries policy|2gcpds |
| 690 | 07|aFisheries|2gcpds |
| 690 | 07|aResources conservation|2gcpds |
| 775 | 08|tLa gestion des pêches sur la côte Atlantique du Canada : |w(CaOODSP)9.640307 |
| 776 | 0#|tThe management of fisheries on Canada's Atlantic coast : |w(CaOODSP)9.647871 |
| 856 | 40|ahttp://publications.gc.ca|qPDF|s240 KB|uhttps://publications.gc.ca/collections/Collection/Fs23-391-2000E.pdf |